Statistiken für 2. Wichtige Daten vom 17. bis 21. Jhd

Klicken Sie hier um das Quiz zu spielen!

Allgemein

  • Dieses Quiz wurde 86 mal gespielt
  • Das Durchschnittsergebnis liegt bei 20 aus 66

Antwortstatistiken

HintAntwort% Korrekt
Franz. Rev.1789
71%
1. Weltkrieg1914-1918
68%
Nationalsozialismus1933-1945
62%
2. Weltkrieg1939-1945
62%
Russische Revolution1917
59%
Unabhängigkeitserklärung USA1776
56%
Wiener Kongress1815
56%
Versailler Friedensvertrag1919
56%
Novemberrevolution1918
50%
Reichsgründung/Bismarck1871
47%
Paulskirchenversammlung1848/1849
41%
Weimarer Republik1919-1933
41%
USA verliert 2 Türme wie beim Schach11.09.2001
38%
Völkerschlacht bei Leipzig1813
38%
Entlassung Bismarcks1890
38%
Angriff auf Polen01.09.1939
35%
Bedingslose Kapitulation Deutschlands08.05.1945
35%
Austritt der Briten aus der EU (Brexit)2016
35%
Kommunistisches Manifest von Karl Marx1848
32%
Nürnberger Gesetze1935
32%
Gründung Israels1948
32%
Vormärz1815-1848
29%
Hambacher Fest1832
29%
Mauerbau1961
29%
Kubakrise1962
29%
Auflösung der Sowjetunion1991
29%
Ernennung Hitlers zum Reichskanzler30.01.1933
29%
Wiedervereinigung Deutschlands03.10.1990
26%
Reichspogromnacht09.11.1938
26%
Mauerfall09.11.1989
26%
Sturm auf die Bastille14.07.1789
26%
Ende Des HRR Deutscher Nation1806
26%
Holocaust1941-1945
26%
Gründung der UNO1945
26%
Gründung der Volksrepublik China1949
26%
Gründung des Warschauer Paktes1955
26%
Friedrich der Große1712-1786
24%
Siebenjähriger Krieg1756-1763
24%
Weltwirtschaftskrise1929-1933
24%
Korea-Krieg1950-1953
24%
Gründung der EWG1957
24%
Gründung der EU1993
24%
Doppelte Ausrufung der Weimarer Republik09.11.1918
21%
Aufgeklärter Abolutismus17.-18. Jhd
21%
Deutscher Zollverein1834
21%
Erste Eisenbahnstrecke1835
21%
Schlacht bei Stalingrad1943
21%
Gründung der Nato1949
21%
Beitritt der BRD in der Nato1955
21%
Vietnam Krieg1955-1975
21%
Golfkrieg (Zweiter)1990/1991
21%
Atombomben auf Hiroshima und NagasakiAugust 1945
21%
Gründung DDR07.10.1949
18%
Napoleon1799-1815
18%
Russland wird zur Großmacht18. Jhd
18%
Gründung der EG1967
18%
Warschauer Verträge1970
18%
Zerfall Jugoslawiens, Kriege im ehemaligen
Jugoslawien
1991-1999
18%
Gründung der BRD23.05.1949
18%
Schwarzer Freitag25.10.1929
18%
Portdamer KonferenzJuli/August 1945
15%
Beginn der Industraliierung in EnglandUm 1780
15%
Imperialismus1880-1914
12%
Gründung von ArbeitsparteienAb 1863
12%
Ost-West-KonfliktAb 1945
12%
Beginn der Industrialisierung in den deutschen TerretorienUm 1830
12%

Verteilung der Resultate

Perzentil nach korrekt beantworteten Fragen

Anzahl Personen mit jedem Resultat

Ihre Resultats-Entwicklung

Sie haben dieses Quiz noch nicht gespielt